00993cam a2200229 a 450000100100000000500170001000800410002702000150006804000250008304100380010808200150014610000270016124000850018824501600027326000410043330000210047453400950049570000340059004900090062495201130063399900170074600002554620200930023852.0901219s1973 ag a 000 | spa d a9501800059 aDO-SdBNPbspacBNPHU aspahgem2Código de idioma MARC axxxbR347i1 aReich, Wilhelm,928231 0aDer einbrusch der sexualmoral, zur geschichte der sexuallen okonomie.lEspañol13aLa irrupción de la moral sexual :bestudio de los orígenes del carácter compulsivo de la moral sexual /cWilhelm Reich ; traducción Delia García. aBuenos Aires :bHomo Sapiens,c1973. a179 p. ;c23 cm. aTítulo original :tDer einbrusch der sexualmoral, zur geschichte der sexuallen okonomie.1 aGarcía, Delia ,etr.952213 aBNGR 001050718MOaGRbGRcCTd2011-02-17iLF1l0oxxx R347ip25546-10r2020-06-25w2020-06-25y1ZNo se presta c25038d25038